[Event "Mistrzostwa Polski Juniorow do lat 16 - Chlopcy"]
[Site "Ustron – Jaszowiec"]
[Date "1899-12-30"]
[Round "3.11"]
[White "Raczynski, Krzysztof"]
[Black "Dytman, Radoslaw"]
[Result "1-0"]
[WhiteTitle "k"]
[BlackTitle "I"]
[WhiteElo "2116"]
[BlackElo "1521"]

1. e4 e5 2. Nf3 Nc6 3. Bb5 a6 4. Ba4 Nf6 5. O-O b5 6. Bb3 Bc5 7. c3 d6 8. d4 Bb6
9. a4 Rb8 10. axb5 axb5 11. Qd3 O-O 12. Bg5 Qe8 13. Bxf6 gxf6 14. Na3 Kh8 15.
Nxb5 Rg8 16. Rfe1 Bg4 17. Ba4 Qc8 18. Na3 Ne7 19. Nh4 Bh3 20. Kh1 Be6 21. Qf3
f5 22. Nxf5 Nxf5 23. exf5 Bxf5 24. dxe5 Rg6 25. exd6 Be6 26. Bc2 Rh6 27. Qf4 Qf8
28. Nb5 cxd6 29. Nd4 Bd5 30. Be4 Bxd4 31. cxd4 Bxe4 32. Rxe4 Rxb2 33. Rae1 Rb8
34. g3 f5 35. Re6 Rxe6 36. Rxe6 Rb6 37. d5 Ra6 38. Kg2 Rb6 39. Qd4+ 1-0

[Event "Mistrzostwa Polski Juniorow do lat 16 - Chlopcy"]
[Site "Ustron – Jaszowiec"]
[Date "1899-12-30"]
[Round "3.12"]
[White "Radecki, Adam"]
[Black "Garbowski, Jakub"]
[Result "0-1"]
[WhiteTitle "I"]
[BlackTitle "k"]
[WhiteElo "1712"]
[BlackElo "2103"]

1. e4 e5 2. Nf3 Nc6 3. Bc4 Nf6 4. d3 Be7 5. Nc3 d6 6. Be3 Na5 7. Bb3 Nxb3 8. axb3
a6 9. Qe2 c5 10. O-O O-O 11. Kh1 Bg4 12. h3 Bh5 13. Rg1 Ne8 14. g4 Bg6 15. Nd5
Nc7 16. Nxc7 Qxc7 17. Raf1 d5 18. Bc1 Rad8 19. Re1 dxe4 20. dxe4 Rfe8 21. Nh2
f6 22. Nf1 b5 23. f3 Bf7 24. Ne3 c4 25. bxc4 bxc4 26. Rd1 Bc5 27. Rxd8 Rxd8 28.
Rd1 Rxd1+ 29. Qxd1 Be6 30. Kg2 Kf7 31. Kf2 Qb6 32. c3 Bxe3+ 33. Bxe3 Qxb2+ 34.
Kg3 Qxc3 35. Bc5 Qd3 36. Qa4 c3 37. Qa3 Qc4 38. Bf8 Qc7 39. Bd6 Qc6 40. Bf8 Qb7
41. Bc5 c2 42. Be3 Qc6 43. h4 a5 44. h5 a4 45. Bc5 Bb3 46. Bf8 Qd7 47. Bc5 h6
48. Be3 Qc7 49. Bc5 Kg8 50. g5 fxg5 51. Kg2 Qd7 0-1

[Event "Mistrzostwa Polski Juniorow do lat 16 - Chlopcy"]
[Site "Ustron – Jaszowiec"]
[Date "1899-12-30"]
[Round "3.14"]
[White "Brozyna, Mateusz"]
[Black "Kukorowski, Jan"]
[Result "1/2-1/2"]
[WhiteTitle "I"]
[BlackTitle "I"]
[WhiteElo "2009"]
[BlackElo "1709"]

1. d4 e6 2. c4 f5 3. Nf3 Nf6 4. e3 d5 5. Bd3 c6 6. O-O Bd6 7. b3 Qe7 8. a4 a5 9.
Ba3 O-O 10. Ne5 Nbd7 11. f4 Ne4 12. Bxd6 Qxd6 13. Nd2 Nxe5 14. fxe5 Qe7 15. Bxe4
fxe4 16. Qg4 Bd7 17. c5 Rxf1+ 18. Nxf1 Be8 19. Ng3 Bg6 20. Rf1 Rf8 21. Rf4 Qd7
22. Rxf8+ Kxf8 23. Qf4+ Qf7 24. Kf2 Ke8 25. h4 Qxf4+ 26. exf4 h5 27. Ke3 Ke7 28.
Kd2 Kd7 29. Nf1 Bf5 30. Ne3 g6 31. Kc3 Kc7 32. Nc2 Bg4 33. Ne3 Bf5 34. Nc2 Bg4
35. Ne3 Bf5 36. Nc2 1/2-1/2

[Event "Mistrzostwa Polski Juniorow do lat 16 - Chlopcy"]
[Site "Ustron – Jaszowiec"]
[Date "1899-12-30"]
[Round "3.15"]
[White "Marczak, Szymon"]
[Black "Wyczling, Bartosz"]
[Result "1/2-1/2"]
[WhiteTitle "I"]
[BlackTitle "I+"]
[WhiteElo "1839"]
[BlackElo "1963"]

1. e4 c5 2. Nf3 g6 3. d4 cxd4 4. Qxd4 Nf6 5. Nc3 Nc6 6. Qa4 d6 7. e5 dxe5 8. Nxe5
Bd7 9. Nxd7 Nxd7 10. Bd2 Bg7 11. Bd3 Nc5 12. Qb5 Nxd3+ 13. cxd3 Qd7 14. Rd1 O-O
15. O-O Rfd8 16. Be3 Nd4 17. Bxd4 Bxd4 18. Rd2 Rac8 19. Qxd7 Rxd7 20. Nb5 Bb6
21. Nc3 Ba5 22. Rc1 b5 23. a3 Rdc7 24. Rdc2 Bb6 25. Rb1 a6 26. Re2 Rd8 27. Rd1
Ba5 28. Na2 Rdc8 29. Kf1 e6 30. g3 Bb6 31. Rdd2 Bd4 32. Ke1 a5 33. Kd1 b4 34.
axb4 axb4 35. b3 Ra8 36. Rc2 Bc3 37. Re4 Ra3 38. Nxc3 bxc3 39. Rc4 Rb7 40. R4xc3
Rbxb3 41. Rxb3 Rxb3 42. Ke2 Rb7 43. h4 Kg7 44. Rc5 Kf6 45. Ke3 Rd7 46. Ke4 1/2-1/2

[Event "Mistrzostwa Polski Juniorow do lat 16 - Chlopcy"]
[Site "Ustron – Jaszowiec"]
[Date "1899-12-30"]
[Round "3.16"]
[White "Wierzbicki, Michal"]
[Black "Tustanowski, Mateusz"]
[Result "1/2-1/2"]
[WhiteTitle "I"]
[BlackTitle "I++"]
[WhiteElo "1828"]
[BlackElo "1880"]

1. d4 d5 2. Nf3 Nf6 3. c4 e6 4. cxd5 exd5 5. Nc3 Be7 6. Bg5 O-O 7. e3 c6 8. Qc2
Nbd7 9. Bd3 Re8 10. O-O h6 11. Bh4 Ne4 12. Bxe7 Qxe7 13. Bxe4 dxe4 14. Nd2 Nf6
15. Rab1 Nd5 16. a3 Bf5 17. b4 Rad8 18. Rfc1 Qg5 19. Kh1 Qh4 20. Nxd5 Rxd5 21.
Nf1 Re6 22. Ng3 Rg6 23. Qa4 Bg4 24. Qxa7 Bf3 25. gxf3 Rh5 26. Qb8+ Kh7 27. Nxh5
Qxf2 28. Ng3 Qxf3+ 29. Kg1 Qxe3+ 30. Kh1 Qf3+ 31. Kg1 Qe3+ 32. Kh1 Qf3+ 33. Kg1
Qe3+ 34. Kh1 Qf3+ 35. Kg1 1/2-1/2

[Event "Mistrzostwa Polski Juniorow do lat 16 - Chlopcy"]
[Site "Ustron – Jaszowiec"]
[Date "1899-12-30"]
[Round "3.17"]
[White "Sloniewski, Michal"]
[Black "Polczyk, Mikolaj"]
[Result "0-1"]
[WhiteTitle "I"]
[BlackTitle "I"]
[WhiteElo "1679"]
[BlackElo "1889"]

1. d4 Nf6 2. c4 c5 3. d5 b5 4. cxb5 a6 5. b6 Qxb6 6. Nc3 d6 7. e4 g6 8. f4 Bg7
9. h3 O-O 10. Nf3 Nh5 11. Bd3 Nxf4 12. Bxf4 Qxb2 13. Bd2 Bxc3 14. Bxc3 Qxc3+ 15.
Kf2 Nd7 16. Rb1 Ne5 17. Nxe5 Qxe5 18. Rf1 f5 19. exf5 Bxf5 20. Bxf5 Rxf5+ 21.
Kg1 Rxf1+ 22. Kxf1 Qe3 23. Qe2 Rf8+ 24. Ke1 Qg1+ 25. Kd2 Qxb1 26. Qe6+ Kh8 0-1

[Event "Mistrzostwa Polski Juniorow do lat 16 - Chlopcy"]
[Site "Ustron – Jaszowiec"]
[Date "1899-12-30"]
[Round "3.18"]
[White "Paliwoda, Borys"]
[Black "Ochowicz, Jakub"]
[Result "1/2-1/2"]
[WhiteTitle "II+"]
[BlackTitle "I++"]
[WhiteElo "1819"]
[BlackElo "1874"]

1. e4 c5 2. Nf3 e6 3. d4 cxd4 4. Nxd4 a6 5. c4 Nf6 6. Qc2 Qc7 7. Nc3 d6 8. Be2
Be7 9. Be3 Nbd7 10. f4 b6 11. O-O Bb7 12. b3 O-O 13. Bf3 Rfe8 14. g4 Nf8 15. h4
Rac8 16. Rac1 d5 17. exd5 exd5 18. g5 Ba3 19. Rce1 Ne4 20. Nxe4 dxe4 21. Bg4 Rcd8
22. Qc3 Bc8 23. Bxc8 Qxc8 24. b4 Qg4+ 25. Kh2 Qxh4+ 26. Kg2 Qg4+ 27. Kh2 Qh4+
28. Kg2 Qg4+ 29. Kh2 Qh4+ 1/2-1/2

[Event "Mistrzostwa Polski Juniorow do lat 16 - Chlopcy"]
[Site "Ustron – Jaszowiec"]
[Date "1899-12-30"]
[Round "3.19"]
[White "Namyslak, Piotr"]
[Black "Mietkiewicz, Jacek"]
[Result "1-0"]
[WhiteTitle "I"]
[BlackTitle "I"]
[WhiteElo "1866"]
[BlackElo "1845"]

1. c4 e6 2. Nc3 d5 3. cxd5 exd5 4. d4 c5 5. Nf3 Nc6 6. Bf4 Nf6 7. e3 a6 8. Qa4
Bd7 9. dxc5 Bxc5 10. Qb3 Na5 11. Qc2 O-O 12. Bd3 Rc8 13. a3 Nc6 14. Bg5 Be7 15.
Bxf6 Bxf6 16. Bxh7+ Kh8 17. Bf5 d4 18. Rd1 Rc7 19. exd4 Bxf5 20. Qxf5 Re8+ 21.
Kf1 Nxd4 22. Nxd4 Bxd4 23. Nd5 Rc5 24. Qh5+ Kg8 25. Rxd4 Qa5 26. g3 Rd8 27. Ne7+
Kf8 28. Rxd8+ Kxe7 29. Qh4+ g5 30. Qd4 1-0

[Event "Mistrzostwa Polski Juniorow do lat 16 - Chlopcy"]
[Site "Ustron – Jaszowiec"]
[Date "1899-12-30"]
[Round "3.20"]
[White "Posluszny, Tomasz"]
[Black "Filewicz, Radoslaw"]
[Result "1/2-1/2"]
[WhiteTitle "I"]
[BlackTitle "I"]
[WhiteElo "1798"]
[BlackElo "1850"]

1. d4 Nf6 2. c4 e6 3. Nf3 b6 4. g3 Bb7 5. Bg2 d6 6. O-O Nbd7 7. Nc3 Be7 8. Qc2
c5 9. d5 e5 10. Nh4 O-O 11. Nf5 a6 12. a4 Re8 13. Nxe7+ Qxe7 14. e4 Nf8 15. Bd2
Ng6 16. Rae1 Qc7 17. b3 Bc8 18. Qd3 Bb7 19. f4 exf4 20. gxf4 Rad8 21. Qg3 Kh8
22. Re2 Bc8 23. Bf3 Re7 24. h4 Nd7 25. h5 Ngf8 26. Rg2 f6 27. Nd1 h6 28. Ne3 Nb8
29. Bc3 Nh7 30. Kh1 Rf8 31. Rfg1 Rff7 32. Bg4 Rxe4 33. Bxc8 Qxc8 34. Qg6 Rxe3
35. Qxf7 Qh3+ 36. Rh2 Qf3+ 37. Rhg2 Qh3+ 38. Rh2 Qf3+ 39. Rhg2 Qh3+ 40. Rh2 Qf3+
1/2-1/2

[Event "Mistrzostwa Polski Juniorow do lat 16 - Chlopcy"]
[Site "Ustron – Jaszowiec"]
[Date "1899-12-30"]
[Round "4.1"]
[White "Kosakowski, Jakub"]
[Black "Kowalski, Igor"]
[Result "1/2-1/2"]
[WhiteTitle "k+"]
[BlackTitle "k+"]
[WhiteElo "2376"]
[BlackElo "2231"]

1. e4 e5 2. Nf3 Nc6 3. Bb5 a6 4. Ba4 Nf6 5. O-O Be7 6. Re1 b5 7. Bb3 O-O 8. c3
d5 9. exd5 Nxd5 10. Nxe5 Nxe5 11. Rxe5 c6 12. d3 Bd6 13. Re1 Bf5 14. Qf3 Qh4 15.
h3 Rae8 16. Be3 Nxe3 17. Rxe3 Qf4 18. Qxf4 Bxf4 19. Rxe8 Rxe8 20. Na3 Bxd3 21.
Bc2 Be2 22. g3 Bd6 23. Re1 Bxa3 24. bxa3 Kf8 25. a4 Bc4 26. Rxe8+ Kxe8 27. axb5
cxb5 28. a3 Ke7 29. f4 h6 30. Kf2 Kd6 31. Ke3 Kc5 32. g4 Bf1 33. h4 Kc4 34. Kd2
a5 35. g5 f6 36. Bd1 fxg5 37. fxg5 hxg5 38. hxg5 Kd5 39. Ke3 Kc4 40. Kd2 Kd5 1/2-1/2

[Event "Mistrzostwa Polski Juniorow do lat 16 - Chlopcy"]
[Site "Ustron – Jaszowiec"]
[Date "1899-12-30"]
[Round "4.2"]
[White "Pultorak, Jan"]
[Black "Lis, Mateusz"]
[Result "1-0"]
[WhiteTitle "FM"]
[BlackTitle "I+"]
[WhiteElo "2302"]
[BlackElo "2022"]

1. d4 Nf6 2. c4 d6 3. Nf3 g6 4. Nc3 Bg7 5. e4 O-O 6. Be2 Nbd7 7. O-O e5 8. Be3
a5 9. Qc2 c6 10. d5 c5 11. Ne1 Ne8 12. g4 Ndf6 13. g5 Nd7 14. Ng2 f6 15. h4 Nb6
16. f4 exf4 17. Rxf4 fxg5 18. Rxf8+ Kxf8 19. Bxg5 Bd4+ 20. Kh1 Bf6 21. Rf1 Kg7
22. Qd2 Bxg5 23. hxg5 Nc7 24. Qf4 Qe7 25. Ne3 Bh3 26. Qf6+ Qxf6 27. gxf6+ Kf7
28. Rf3 Bd7 29. e5 dxe5 30. Ne4 Rf8 31. Nxc5 Bc8 32. Ne4 h6 33. Nd6+ Kg8 34. Nxc8
Rxc8 35. Ng4 e4 36. Nxh6+ Kf8 37. Rg3 1-0

[Event "Mistrzostwa Polski Juniorow do lat 16 - Chlopcy"]
[Site "Ustron – Jaszowiec"]
[Date "1899-12-30"]
[Round "4.3"]
[White "Pacan-milej, Kosma"]
[Black "Gumularz, Szymon"]
[Result "1/2-1/2"]
[WhiteTitle "FM"]
[BlackTitle "I++"]
[WhiteElo "2303"]
[BlackElo "2394"]

1. d4 c5 2. d5 e6 3. e4 exd5 4. exd5 d6 5. Bd3 Nf6 6. c4 Be7 7. h3 O-O 8. Nf3 Na6
9. Nc3 Nc7 10. O-O Bd7 11. Bf4 a6 12. a4 Rb8 13. a5 b5 14. axb6 Rxb6 15. Qc2 Nh5
16. Bh2 f5 17. Rfe1 Bf6 18. Re2 g6 19. Rae1 Re8 20. Rxe8+ Nxe8 21. Re2 Nhg7 22.
Qc1 Qb8 23. Bf4 a5 24. Bg5 a4 25. Nb5 Qd8 26. Qe3 Bxg5 27. Nxg5 Nf6 28. Ne6 Qe7
29. Nbc7 Bxe6 30. Nxe6 Nxe6 31. dxe6 Rb4 32. Qg5 Kf8 33. Qh6+ Kg8 34. Qg5 Kf8
35. Qh6+ Kg8 36. Qg5 Kf8 37. Qh6+ Kg8 1/2-1/2

[Event "Mistrzostwa Polski Juniorow do lat 16 - Chlopcy"]
[Site "Ustron – Jaszowiec"]
[Date "1899-12-30"]
[Round "4.4"]
[White "Chylewski, Patryk"]
[Black "Raczynski, Krzysztof"]
[Result "1/2-1/2"]
[WhiteTitle "k++"]
[BlackTitle "k"]
[WhiteElo "2293"]
[BlackElo "2116"]

1. e4 c5 2. Nf3 d6 3. d4 cxd4 4. Nxd4 Nf6 5. f3 e5 6. Nb3 Be7 7. c4 a5 8. Be3 a4
9. Nc1 O-O 10. Nc3 Qa5 11. Qd2 Be6 12. Rb1 Rc8 13. b4 axb3 14. axb3 Nc6 15. Be2
Bd8 16. Nb5 Qxd2+ 17. Bxd2 Ne8 18. Be3 h6 19. Kf2 Bg5 20. Rd1 Rd8 21. Rb2 Kf8
22. Rbd2 Ke7 23. g3 Bxe3+ 24. Kxe3 g5 25. Kd3 Na7 26. Nc3 Nc6 27. Kc2 Nc7 28.
Kb2 Rab8 29. N1a2 Nd4 30. Nb4 Na6 31. Nc2 Nxc2 32. Kxc2 Nc7 33. Kb2 Ra8 34. Na4
Na6 35. Nb6 Rab8 36. Kc3 Nc7 37. b4 Na8 38. Na4 Nc7 39. Nb6 Na8 40. Na4 Nc7 41.
Nb6 Na8 1/2-1/2

[Event "Mistrzostwa Polski Juniorow do lat 16 - Chlopcy"]
[Site "Ustron – Jaszowiec"]
[Date "1899-12-30"]
[Round "4.5"]
[White "Garbowski, Jakub"]
[Black "Nowak, Mikolaj"]
[Result "1/2-1/2"]
[WhiteTitle "k"]
[BlackTitle "I++"]
[WhiteElo "2103"]
[BlackElo "2240"]

1. e4 e5 2. Nf3 Nc6 3. Bb5 Nf6 4. d3 Bc5 5. c3 O-O 6. O-O d6 7. Re1 a6 8. Bxc6
bxc6 9. Nbd2 Ba7 10. h3 Rb8 11. Qa4 Nh5 12. Nf1 Qf6 13. Qd1 Nf4 14. Bxf4 Qxf4
15. b3 f5 16. Qd2 fxe4 17. Qxf4 Rxf4 18. Rxe4 Rxe4 19. dxe4 Be6 20. N1d2 Rf8 21.
Rf1 h6 22. Ne1 g5 23. Nd3 a5 24. Rc1 Kf7 25. Kf1 Ke7 26. Ke2 Bc8 27. f3 h5 28.
Nc4 Bb6 29. Ne3 Bxe3 30. Kxe3 Be6 31. c4 Rh8 32. c5 Kd7 33. Rd1 Kc8 34. Nb2 Rd8
35. cxd6 cxd6 36. Nd3 Kc7 37. g3 h4 38. gxh4 gxh4 39. Rg1 Bxh3 40. Rh1 Be6 41.
Rxh4 a4 42. bxa4 Bxa2 43. Rh7+ Rd7 44. Rxd7+ Kxd7 45. f4 exf4+ 46. Kxf4 c5 47.
Ke3 Bb3 48. Nb2 Bc2 49. Nc4 Kc6 50. a5 1/2-1/2

[Event "Mistrzostwa Polski Juniorow do lat 16 - Chlopcy"]
[Site "Ustron – Jaszowiec"]
[Date "1899-12-30"]
[Round "4.6"]
[White "Szpar, Milosz"]
[Black "Godzwon, Iwo"]
[Result "1/2-1/2"]
[WhiteTitle "k"]
[BlackTitle "k"]
[WhiteElo "2237"]
[BlackElo "2022"]

1. e4 c5 2. Nf3 Nc6 3. d4 cxd4 4. Nxd4 Qb6 5. Nb3 Nf6 6. Nc3 e6 7. Bd3 a6 8. a4
d6 9. O-O Be7 10. a5 Qc7 11. Be3 Bd7 12. Qe2 O-O 13. Na4 d5 14. Bb6 Qb8 15. Nac5
Bc8 16. Rae1 dxe4 17. Nxe4 Nd5 18. Bc5 Nf4 19. Qf3 Nxd3 20. Qxd3 e5 21. Bxe7 Nxe7
22. Nec5 Qc7 23. Qc3 Nc6 24. Nd3 Be6 25. Nbc5 Nxa5 26. Qxe5 Qxe5 27. Rxe5 Nc4
28. Re2 Bd5 29. Nb4 Nb6 30. Nxd5 Nxd5 31. Rd2 Nf6 32. Nxb7 Rab8 33. Nc5 Rxb2 34.
Nxa6 Rc8 35. Rfd1 h6 36. Rd8+ Rxd8 37. Rxd8+ Kh7 38. f3 Rxc2 39. Nb4 Rb2 40. Rd4
h5 1/2-1/2

[Event "Mistrzostwa Polski Juniorow do lat 16 - Chlopcy"]
[Site "Ustron – Jaszowiec"]
[Date "1899-12-30"]
[Round "4.7"]
[White "Hrymowicz, Artur"]
[Black "Woloch, Oskar"]
[Result "1/2-1/2"]
[WhiteTitle "I+"]
[BlackTitle "k"]
[WhiteElo "1982"]
[BlackElo "2235"]

1. e4 c5 2. Nf3 Nc6 3. d4 cxd4 4. Nxd4 e5 5. Nb5 a6 6. Nd6+ Bxd6 7. Qxd6 Qe7 8.
Qd1 d6 9. a4 Nf6 10. Bg5 Be6 11. Na3 Rd8 12. Bc4 O-O 13. O-O h6 14. Bxf6 Qxf6
15. Qd3 Ne7 16. Rad1 d5 17. exd5 Bxd5 18. Bxd5 Rxd5 19. Qb3 Qc6 20. Nc4 Ng6 21.
g3 Kh7 22. Rxd5 Qxd5 23. Ne3 Qxb3 24. cxb3 f5 25. Rd1 f4 26. Nc4 b5 27. axb5 axb5
28. Na3 fxg3 29. hxg3 Rf3 30. Nxb5 Rxb3 31. Nd6 Rxb2 32. Nf5 Rb7 33. Rd6 Rf7 34.
Ne3 Nf8 35. Ng4 Re7 36. Kg2 Nd7 37. Ne3 Nf6 38. Nd5 Nxd5 39. Rxd5 Kg6 40. Ra5
Kf5 41. f4 g5 42. fxe5 Rxe5 43. Ra2 h5 44. Ra8 Rd5 45. Ra2 Ke4 46. Re2+ Kf5 47.
Ra2 g4 48. Re2 Rd3 49. Re8 Rd2+ 50. Kg1 Rd6 51. Kg2 Ra6 52. Re2 Ra5 53. Re8 Re5
54. Rf8+ Ke4 55. Rd8 Ke3 56. Rd7 Ke4 57. Rd8 Rd5 58. Re8+ Kd3 59. Re7 Kc2 60.
Rc7+ Kd1 61. Re7 Rd2+ 62. Kg1 Kc2 63. Re5 Kd3 64. Rxh5 Ke4 65. Ra5 Re2 66. Kf1
Rd2 67. Ra8 Ke3 68. Ra7 Rd1+ 1/2-1/2

[Event "Mistrzostwa Polski Juniorow do lat 16 - Chlopcy"]
[Site "Ustron – Jaszowiec"]
[Date "1899-12-30"]
[Round "4.8"]
[White "Jarzebowski, Kacper"]
[Black "Psyk, Radoslaw"]
[Result "0-1"]
[WhiteTitle "I++"]
[BlackTitle "k"]
[WhiteElo "1820"]
[BlackElo "2160"]

1. d4 d5 2. Nf3 Nf6 3. c4 e6 4. g3 dxc4 5. Qa4+ Nc6 6. Qxc4 Bd7 7. Bg2 Bd6 8. O-O
O-O 9. Nc3 Rb8 10. Rd1 b5 11. Qb3 b4 12. Na4 Qe8 13. Nc5 Nxd4 14. Nxd4 Bxc5 15.
Qc4 Bd6 16. Bc6 Bxc6 17. Nxc6 Rb6 18. Nxa7 Qa4 19. Be3 Qxa7 20. Bxb6 Qxb6 21.
Rac1 Ra8 22. Kg2 Qb7+ 23. f3 Nd5 24. Rd3 Qa7 25. Qc6 Qxa2 26. e4 Ne7 27. Qc2 e5
28. Rcd1 g6 29. Rf1 Qa4 30. Qc4 Qa6 31. Qb3 Nc6 32. Qd1 Nd4 33. Re1 c5 34. f4
exf4 35. e5 f3+ 36. Rxf3 Nxf3 37. Qxf3 Bf8 38. e6 fxe6 39. Rd1 Rc8 0-1

[Event "Mistrzostwa Polski Juniorow do lat 16 - Chlopcy"]
[Site "Ustron – Jaszowiec"]
[Date "1899-12-30"]
[Round "4.9"]
[White "Kawalko, Adam"]
[Black "Kozak, Antoni"]
[Result "1-0"]
[WhiteTitle "I"]
[BlackTitle "k"]
[WhiteElo "1814"]
[BlackElo "2127"]

1. e4 e5 2. Nf3 d6 3. Bc4 Nf6 4. Nc3 Be7 5. d4 Nbd7 6. Ng5 O-O 7. Bxf7+ Rxf7 8.
Ne6 Qe8 9. Nxc7 Qd8 10. Nxa8 b6 11. Be3 Ba6 12. Nxb6 axb6 13. Qd2 Ng4 14. Nd5
Bh4 15. g3 Ndf6 16. Nxf6+ Bxf6 17. d5 Nxe3 18. fxe3 Qc8 19. O-O-O Qc4 20. b3 Qxe4
21. c4 Bg5 22. Rhe1 Rf3 23. Qd3 Bxe3+ 24. Kb1 Qg4 25. Rf1 e4 26. Qe2 Bc8 27. Rxf3
Qxf3 28. Re1 Bg4 29. Qxe3 Qg2 30. Qxb6 Qxh2 31. Qd8+ Kf7 32. Rf1+ Bf3 33. Qd7+
Kg6 34. Qxd6+ Kh5 35. Qe5+ g5 36. g4+ 1-0

[Event "Mistrzostwa Polski Juniorow do lat 16 - Chlopcy"]
[Site "Ustron – Jaszowiec"]
[Date "1899-12-30"]
[Round "4.10"]
[White "Lukasiewicz, Krzysztof"]
[Black "Brozyna, Mateusz"]
[Result "1-0"]
[WhiteTitle "k"]
[BlackTitle "I"]
[WhiteElo "2123"]
[BlackElo "2009"]

1. e4 c5 2. Nf3 e6 3. d4 cxd4 4. Nxd4 Nf6 5. Nc3 d6 6. g3 Be7 7. Bg2 O-O 8. O-O
Nc6 9. Nb3 a6 10. a4 Qc7 11. f4 Na5 12. Nxa5 Qxa5 13. Be3 Bd7 14. g4 Rfd8 15.
g5 Ne8 16. Rf3 g6 17. Rh3 Bc6 18. Qe1 Rd7 19. Qf2 Ng7 20. Bb6 Qb4 21. Ra3 Qxb2
22. Rb3 Qa1+ 23. Rb1 Qa3 24. Qe1 Bd8 25. Bd4 Ba5 26. Qd1 Bxc3 27. Rxc3 Qxa4 28.
Ra1 Qb4 29. Rb3 Qc4 30. Bf1 Qxb3 31. cxb3 Bxe4 32. Bxg7 1-0

[Event "Mistrzostwa Polski Juniorow do lat 16 - Chlopcy"]
[Site "Ustron – Jaszowiec"]
[Date "1899-12-30"]
[Round "4.11"]
[White "Kukorowski, Jan"]
[Black "Kokoszczynski, Jan"]
[Result "0-1"]
[WhiteTitle "I"]
[BlackTitle "k"]
[WhiteElo "1709"]
[BlackElo "2072"]

1. e4 c5 2. Nf3 d6 3. Bb5+ Bd7 4. Bxd7+ Nxd7 5. O-O Ngf6 6. Re1 e6 7. d4 cxd4 8.
Qxd4 Be7 9. c4 O-O 10. Nc3 a6 11. Bg5 Qc7 12. Rad1 Ne5 13. Nd2 Rac8 14. b3 b5
15. f4 bxc4 16. Bxf6 gxf6 17. Na4 c3 18. Nf1 Ng6 19. f5 Ne5 20. Rc1 c2 21. Re2
Kh8 22. Ne3 Rg8 23. Kf1 Qa5 24. Qb6 Qb5 25. Qxb5 axb5 26. Nb2 Ra8 27. a4 bxa4
28. bxa4 Rgb8 29. Rcxc2 Rb4 30. Nec4 Nxc4 31. Rxc4 Rxc4 32. Nxc4 Rxa4 33. Nb6
Ra1+ 34. Kf2 d5 35. Kf3 d4 36. Nc4 Rc1 37. Nd2 Bd6 38. g3 Kg7 39. Rg2 Bb4 40.
Rf2 Rc3+ 41. Kg2 Re3 42. fxe6 fxe6 43. h4 Bxd2 44. Rxd2 Rxe4 45. Kf2 e5 46. Rb2
Kg6 47. Rb6 d3 48. Kf3 Rd4 49. Rb1 d2 50. Rd1 h5 51. Ke3 Kf5 52. Kf3 Rd3+ 53.
Ke2 Rd8 54. Kf3 Rd7 55. Ke3 Kg4 0-1

[Event "Mistrzostwa Polski Juniorow do lat 16 - Chlopcy"]
[Site "Ustron – Jaszowiec"]
[Date "1899-12-30"]
[Round "4.12"]
[White "Sernecki, Franciszek"]
[Black "Tustanowski, Mateusz"]
[Result "1/2-1/2"]
[WhiteTitle "I"]
[BlackTitle "I++"]
[WhiteElo "2151"]
[BlackElo "1880"]

1. Nf3 Nf6 2. c4 c5 3. e3 e6 4. Nc3 d5 5. d4 Nc6 6. dxc5 Bxc5 7. a3 O-O 8. b4 Bb6
9. Bb2 d4 10. exd4 Bxd4 11. Be2 e5 12. Nxd4 Nxd4 13. O-O Bf5 14. Bd3 Re8 15. Bxf5
Nxf5 16. Na4 Qc7 17. Qc2 Nh4 18. Rfe1 Ng6 19. Rad1 Rad8 20. c5 Nd5 21. Nc3 Ndf4
22. Ne2 Qc6 23. Nxf4 Nxf4 24. f3 f6 25. Bc1 Ne6 26. Be3 b6 27. Qb3 b5 28. Rxd8
Rxd8 29. Rd1 Rxd1+ 30. Qxd1 Kf7 31. Qd3 g6 32. a4 a6 33. axb5 axb5 34. h4 Ke7
35. h5 Qd7 36. Qc2 Nd4 37. Qe4 Ne2+ 38. Kf2 Nc3 39. Qc2 Nd1+ 40. Ke2 Nxe3 41.
Kxe3 Qd4+ 42. Ke2 Qxb4 43. hxg6 hxg6 44. Qxg6 Qc4+ 45. Ke1 Qxc5 46. Qg7+ Ke6 47.
Qg8+ Kd7 48. Qf7+ Kc8 49. Qxf6 Qc3+ 50. Kd1 b4 51. Qf5+ Kb7 52. Qc2 Qa1+ 53. Kd2
Kb6 54. Qg6+ Ka5 55. Qc6 Qb2+ 56. Kd1 Qxg2 57. Qa8+ Kb5 58. Qe8+ Kc4 59. Qe6+
Kc3 60. Qxe5+ Kb3 61. Qd5+ Kb2 62. Qe5+ Ka3 1/2-1/2

[Event "Mistrzostwa Polski Juniorow do lat 16 - Chlopcy"]
[Site "Ustron – Jaszowiec"]
[Date "1899-12-30"]
[Round "4.13"]
[White "Fus, Jakub"]
[Black "Namyslak, Piotr"]
[Result "1-0"]
[WhiteTitle "I++"]
[BlackTitle "I"]
[WhiteElo "2054"]
[BlackElo "1866"]

1. d4 Nf6 2. c4 g6 3. Nc3 Bg7 4. e4 d6 5. f3 O-O 6. Be3 Ne8 7. Qd2 Nc6 8. Nge2
f5 9. exf5 Bxf5 10. Rc1 a6 11. d5 Ne5 12. Ng3 Bd7 13. Be2 e6 14. O-O Nf6 15. h3
Re8 16. Rce1 Nf7 17. dxe6 Rxe6 18. f4 Qe8 19. Bf3 Bc6 20. Nd5 Bxd5 21. cxd5 Re7
22. Bd4 Rxe1 23. Rxe1 Qb5 24. Qc3 Ne8 25. Rxe8+ Rxe8 26. Bxg7 Qc5+ 27. Bd4 Qxc3
28. Bxc3 h5 29. Ne4 Re7 30. g4 hxg4 31. hxg4 Nh6 32. Ng5 Nf7 33. Ne6 c6 34. g5
Re8 35. Kg2 c5 36. Bf6 b5 37. Be4 Kh7 38. f5 gxf5 39. Bxf5+ Kg8 40. Kg3 a5 41.
Kg4 a4 42. Kh5 b4 43. g6 Nh8 44. Kh6 c4 45. Bxh8 Kxh8 46. g7+ Kg8 47. Ng5 c3 48.
Bh7# 1-0

[Event "Mistrzostwa Polski Juniorow do lat 16 - Chlopcy"]
[Site "Ustron – Jaszowiec"]
[Date "1899-12-30"]
[Round "4.14"]
[White "Wyczling, Bartosz"]
[Black "Radecki, Adam"]
[Result "1-0"]
[WhiteTitle "I+"]
[BlackTitle "I"]
[WhiteElo "1963"]
[BlackElo "1712"]

1. d4 Nf6 2. Nf3 c6 3. c3 g6 4. Bg5 Bg7 5. Nbd2 d5 6. e3 Bf5 7. Be2 O-O 8. O-O
Re8 9. Nh4 Bc8 10. Bd3 Nbd7 11. f4 Qc7 12. Nhf3 c5 13. Bh4 b6 14. Ne5 Bb7 15.
Qf3 Rac8 16. g4 Rf8 17. Bg3 Nxe5 18. fxe5 Ne8 19. e6 fxe6 20. Qxf8+ Bxf8 21. Bxc7
Rxc7 22. Nf3 Bh6 23. Rae1 Nd6 24. h4 Rc8 25. Kg2 c4 26. Bc2 a6 27. g5 Bg7 28.
h5 Nf5 29. e4 dxe4 30. Bxe4 Bd5 31. Bxf5 gxf5 32. Kg3 Kf7 33. Ng1 b5 34. a3 a5
35. Nh3 Rb8 36. Nf4 Be4 37. g6+ hxg6 38. Nxg6 Bf6 39. Rf2 b4 40. axb4 axb4 41.
Kf4 bxc3 42. bxc3 Rg8 43. Rb2 Bg7 44. Rxe4 Bh6+ 45. Kf3 fxe4+ 46. Kxe4 Kf6 47.
Ne5 Rg3 48. Rf2+ Kg7 49. Rf7+ Kg8 50. Rf3 Rg5 51. Nxc4 Rxh5 52. Rg3+ Kf8 53. Ne5
Bg7 54. Ng6+ Kf7 55. Nf4 Rh4 56. Rh3 Rxh3 57. Nxh3 Bf6 58. c4 Ke8 59. Nf4 Kd7
60. Ng6 Kd6 61. Nf8 Bg7 62. c5+ Kc6 63. Nxe6 Bf6 64. Nd8+ Kd7 65. Nf7 e6 66. Ne5+
Kc7 67. Kd3 Bg7 68. Kc4 Bf6 69. Kb5 Bg7 70. Nf3 Bf6 71. Ne5 Bg7 72. Kc4 Bf6 73.
Kd3 Bg7 74. Ke4 Bh8 75. Ng6 Bg7 76. Kd3 Kd7 77. Kc4 Kc7 78. Nf4 Kd7 79. Nh5 Bh8
80. Ng3 Bg7 81. Nh1 Kc6 82. Nf2 Bh8 83. Nd1 Bg7 84. Nb2 Bf6 85. Nd3 Bg7 86. Nb4+
Kc7 87. Nd3 Kc6 88. Ne5+ Kc7 89. Kb5 Bf6 90. c6 Bg7 91. Nf3 Bf6 92. Ne5 Bg7 93.
Kc5 Bf8+ 94. Kc4 Bg7 95. Kb5 Bf6 96. Nf3 Bg7 97. Ng5 Kd6 98. Kb6 Bxd4+ 99. Kb7
1-0

[Event "Mistrzostwa Polski Juniorow do lat 16 - Chlopcy"]
[Site "Ustron – Jaszowiec"]
[Date "1899-12-30"]
[Round "4.15"]
[White "Wierzbicki, Michal"]
[Black "Laszczak, Przemyslaw"]
[Result "1/2-1/2"]
[WhiteTitle "I"]
[BlackTitle "I+"]
[WhiteElo "1828"]
[BlackElo "1944"]

1. d4 d5 2. Nf3 Nf6 3. c4 c6 4. e3 e6 5. Nc3 Nbd7 6. Bd3 dxc4 7. Bxc4 b5 8. Bd3
a6 9. e4 c5 10. d5 Bb7 11. O-O Qb6 12. Qe2 O-O-O 13. dxe6 fxe6 14. Bf4 Be7 15.
b3 Rdg8 16. a4 b4 17. a5 Qc6 18. Na4 Nxe4 19. Rfe1 Bf6 20. Bxe4 Qxe4 21. Qxe4
Bxe4 22. Rac1 Bd5 23. Nxc5 Bc3 24. Na4 Kb7 25. Nxc3 bxc3 26. Rxc3 Rc8 27. Rec1
Rxc3 28. Rxc3 Rc8 29. Rxc8 Kxc8 30. b4 Bxf3 31. gxf3 Kb7 32. Kf1 Kc6 33. Ke2 Kb5
34. Bd2 Nb8 35. Kd3 Nc6 36. Ke4 Nxb4 37. Ke5 Nc6+ 38. Kxe6 Nd4+ 39. Kf7 Nxf3 40.
Bf4 g5 41. Bc7 Kc4 42. Kg7 h5 43. Kg6 h4 44. Kh5 Kd3 45. Bd8 Nxh2 46. Kxg5 h3
47. Kh4 Ng4 48. Kxh3 Nxf2+ 49. Kg2 Ng4 50. Bb6 Ne5 51. Kf2 Nc4 52. Ke1 Kc3 53.
Kd1 Kb4 1/2-1/2